| 000 | 01341cam a22002651i 4500 | ||
|---|---|---|---|
| 003 | SA-RiAUC | ||
| 005 | 20251109080626.0 | ||
| 008 | 251030s2000 ts g f000 0dara c | ||
| 040 |
_aSA-RiAUC _bara _cSA-RiAUC _erda |
||
| 082 | 0 | 4 | _a239.2 |
| 090 |
_a239.2 _bح م ي |
||
| 100 | 1 |
_aالحميري، عيسى بن عبد الله بن محمد بن مانع، _d1954- _eمؤلف. |
|
| 245 | 1 | 0 |
_aبلوغ المأمول في الاحتفاء والاحتفال بمولد الرسول صلى الله عليه وسلم / _cعيسى بن عبد الله بن محمد بن مانع الحميري. |
| 250 | _aالطبعة السابعة، مزيدة ومنقحة. | ||
| 264 | 1 |
_aدبي، الإمارات العربية المتحدة : _bدائرة الأوقاف والشؤون الإسلامية : _bإدارة الإفتاء والبحوث، _c2000 |
|
| 300 |
_a109 صفحة ؛ _c15 سم |
||
| 336 |
_aنص _btxt _2rdacontent _3كتاب |
||
| 337 |
_aبدون وسيط _bn _2rdamedia |
||
| 338 |
_aمجلد _bnc _2rdacarrier |
||
| 600 | 0 | 7 |
_aمحمد (صلى الله عليه وسلم)، _d53 قبل الهجرة-11 هجري _xميلاد _2aucnm |
| 650 | 7 |
_aالأعياد الدينية الإسلامية _2aucsh |
|
| 650 | 7 |
_aالمولد النبوي _2aucsh |
|
| 942 |
_2ddc _cBOOK _n0 |
||
| 949 |
_aSA-JeALM _d251030 _umohamedma123 _n1 |
||
| 999 |
_c13080 _d13080 |
||